XBRL: el nuevo paradigma de estados contables digitales (Registro nro. 29096)

Detalles MARC
000 -LEADER
fixed length control field 00359 a2200121 4500
001 - CONTROL NUMBER
control field ART_26204
005 - DATE AND TIME OF LATEST TRANSACTION
control field 20260410161936.0
008 - FIXED-LENGTH DATA ELEMENTS--GENERAL INFORMATION
fixed length control field 260409a
100 1# - MAIN ENTRY--PERSONAL NAME
Personal name Díaz, Daniel
245 10 - TITLE STATEMENT
Title XBRL: el nuevo paradigma de estados contables digitales
700 1# - ADDED ENTRY--PERSONAL NAME
Personal name Gaibazzi, María Florencia
773 0# - HOST ITEM ENTRY
Title SaberEs
Related parts - Nº 2 (jun. 2010)
Record control number REV26089

No hay ítems disponibles.